| 000 | 00937nam a22002177a 4500 | ||
|---|---|---|---|
| 003 | OSt | ||
| 005 | 20260515112145.0 | ||
| 008 | 260515b2025 slv spa | ||
| 040 | _cBMC | ||
| 082 | _a621.3121 | ||
| 100 | 1 |
_aValle Orellana, Luis Eduardo _950400 |
|
| 245 | 1 | 0 |
_aPasantía realizada en CEL Comisión Ejecutiva Hidroeléctrica del río Lempa _b: Informe final _cLuis Eduardo Valle Orellana |
| 260 |
_aSanta Ana, El Salvador _bUniversidad Católica de El Salvador _c2026 |
||
| 300 |
_a194 h. _c28 cm _e+ 1 disco compacto |
||
| 500 | _aPrecede al tít.: Universidad Católica de El Salvador, Facultad de Ingeniería y Arquitectura | ||
| 502 | _aPara optar al título de Ingeniero Eléctrico | ||
| 505 | _aPeríodo de realización: de agosto 2025 a febrero 2026 | ||
| 650 | 0 |
_aCentrales eléctricas _95587 |
|
| 710 | 2 |
_91166 _aUniversidad Católica de El Salvador _bFacultad de Ingeniería y Arquitectura |
|
| 942 |
_2ddc _cTG |
||
| 999 |
_c36664 _d36664 |
||